000 00347cam a2200145ua 4500
003 OSt
008 250707b |||||||| |||| 00| 0 eng d
082 _a624.18341
_bDES/TE
100 _aDeshpande, R.S.
245 _aText book of RCC Design /
250 _a6 /
260 _aPoona :
_bSaraswat colony ,
_c1965.
300 _a394 ; .
942 _cBK
999 _c1689
_d1689